|
|
|
|
| LEADER |
01099nkm a2200337 a 4500 |
| 001 |
000835397 |
| 003 |
CZ BrMZK |
| 005 |
20121123114120.0 |
| 007 |
kf bo |
| 008 |
061124s2006 xr nnn kncze |
| 015 |
|
|
|a cnb001699053
|
| 020 |
|
|
|a 80-903394-8-4
|q (brož.)
|
| 040 |
|
|
|a BOA001
|b cze
|
| 072 |
|
7 |
|a 003
|x Systémy psaní a písma
|2 Konspekt
|9 11
|
| 080 |
|
|
|a 003.6
|2 MRF
|
| 080 |
|
|
|a 177.6
|2 MRF
|
| 080 |
|
|
|a 7.04
|2 MRF
|
| 080 |
|
|
|a (084.053.2)
|2 MRF
|
| 100 |
1 |
|
|a Hrochová, Lucie
|7 mzk2006377721
|4 aut
|
| 245 |
1 |
0 |
|a Mandaly lásky
|h [grafika] :
|b relaxace s pastelkami /
|c Lucie Hrochová
|
| 260 |
|
|
|a Uherské Hradiště :
|b Bhakti,
|c 2006
|
| 300 |
|
|
|a 47 s. :
|b il. ;
|c 21 cm
|
| 500 |
|
|
|a V tiráži: vydal Lukáš Němec
|
| 650 |
0 |
7 |
|a mandaly
|7 ph122606
|2 czenas
|
| 650 |
0 |
7 |
|a láska
|7 ph117230
|2 czenas
|
| 650 |
0 |
7 |
|a náměty, témata a motivy
|7 ph138485
|2 czenas
|
| 655 |
|
7 |
|a omalovánky
|7 fd182999
|2 czenas
|
| 910 |
2 |
|
|a BOA001
|b 2-1172.851
|
| 990 |
|
|
|a GP
|
| 991 |
|
|
|b 200701
|
| 996 |
6 |
|
|b 2610297074
|c 2-1172.851
|l MZK
|r Sklad / do 1 hodiny
|n 6
|p p.v.
|w 000835397
|u 000010
|a 1
|e BOA001
|j MZK50
|s P
|